Sága zapomenutého válečníka. III., Ničitel světů /
Kniha úspěšného amerického autora, nominanta prestižní ceny Hugo, přináší další epizodu z cyklu Sága zapomenutého válečníka.
Uloženo v:
| Série: | Sága zapomenutého válečníka,
část 3 |
|---|---|
| Hlavní autor: | |
| Další autoři: | |
| Médium: | E-kniha |
| Jazyk: | Czech |
| Vydáno: |
Ostrava :
Fantom Print,
2023
|
| Vydání: | 1. vydání |
| Témata: | |
| Příbuzné jednotky: | Z cyklu::
Sága zapomenutého válečníka |
| Tagy: |
Žádné tagy |
| LEADER | 02509nam a2200457 i 4500 | ||
|---|---|---|---|
| 001 | 311986 | ||
| 003 | CZ PrSKC | ||
| 005 | 20260601215715.0 | ||
| 007 | ta | ||
| 008 | 230719s2023 xr g 000 f cze | ||
| 015 | |a cnb003534018 | ||
| 020 | |a 9788075941381 |q (brožováno) | ||
| 035 | |a (OCoLC)1396729734 | ||
| 040 | |a ABG001 |b cze |e rda | ||
| 041 | 1 | |a cze |h eng | |
| 072 | 7 | |a 821.111(73)-3 |x Americká próza |2 Konspekt | |
| 080 | |a 821.111(73)-31 |2 MRF | ||
| 080 | |a (0:82-312.9) |2 MRF | ||
| 100 | 1 | |a Correia, Larry, |d 1977- |7 xx0153739 |4 aut | |
| 240 | 1 | 0 | |a Destroyer of worlds. |l Česky |
| 245 | 1 | 0 | |a Sága zapomenutého válečníka. |n III., |p Ničitel světů / |c Larry Correia ; překlad Kateřina Niklová |
| 246 | 3 | 0 | |a Ničitel světů |
| 250 | |a 1. vydání | ||
| 264 | 1 | |a Ostrava : |b Fantom Print, |c 2023 | |
| 300 | |a 383 stran ; |c 21 cm | ||
| 336 | |a text |b txt |2 rdacontent | ||
| 337 | |a bez média |b n |2 rdamedia | ||
| 338 | |a svazek |b nc |2 rdacarrier | ||
| 500 | |a Přeloženo z angličtiny | ||
| 520 | 2 | |a Kniha úspěšného amerického autora, nominanta prestižní ceny Hugo, přináší další epizodu z cyklu Sága zapomenutého válečníka. |b Povstalci hledají tajnou zemi, o které hovoří prorokyně Thera, ráj, kde voda je čistá a jídla je dostatek, kde nejsou žádné kasty a lidé si vládnou sami, nejsou otroky Kapitolu. Ashok Vadal neví jistě, jestli v takový ráj věří, spolu se svými spojenci ovšem vyhledá útočiště v povstaleckém úkrytu v Akershanu. Jenže Vadal, bývalý vrchní ochránce, který se obrátil zády ke zkorumpovanému Zákonu, nebude jen netečně čekat a doufat, že útěk do Akershanu ochrání povstalce před Velkým vyhlazením. Nakladatelská anotace. Kráceno. | |
| 655 | 7 | |a americké romány |7 fd131796 |2 czenas | |
| 655 | 7 | |a fantasy romány |7 fd184199 |2 czenas | |
| 655 | 9 | |a American fiction |2 eczenas | |
| 655 | 9 | |a fantasy novels |2 eczenas | |
| 700 | 1 | |a Niklová, Kateřina, |d 1979- |7 xx0038698 |4 trl | |
| 787 | 0 | 8 | |i Z cyklu: |t Sága zapomenutého válečníka |g 3 |
| 900 | |a ABA001 |b 21 | ||
| 044 | |a xr | ||
| 910 | |a RBIT002 | ||
| 998 | |d 380161 |a https://core.palmknihy.cz/api/books/380161/cover?rxkwx4 |b https://core.palmknihy.cz/api/books/380161/cover/400?rxkwx4 |c https://core.palmknihy.cz/api/books/380161/cover/50?rxkwx4 |e 2027-06-25 |g 384 |i 9788075941381 |j https://core.palmknihy.cz/api/books/380161/preview.epub |l |q 49 |r 1 |s https://www.palmknihy.cz/kniha/380161 |t ebook |y 2023 |z 0 |v Sága zapomenutého válečníka |w 3 | ||
| 999 | |d 311984 | ||